An evening sacrifice, : or prayer for a family; necessary for these calamitous times.

Bibliographic Details
Main Author: Reading, John, 1588-1667
Format: eBook
Language:English
Published: [London : publisher not identified], Printed in the yeer. 1643.
Series:Early English books online.
Subjects:
Online Access:Connect to the full text of this electronic book

MARC

Tag First Indicator Second Indicator Subfields
LEADER 00000nam a2200000 4500
001 in00004280413
005 20200813081304.0
006 m g d
007 cr bn |||a|bb|
008 940516s1643 enk o 00| | eng d
035 |a (UnM)99867448 
037 |a CL0051000005  |b ProQuest Information and Learning. 300 N. Zeeb Rd., Ann Arbor, MI 48106 
040 |a Cu-RivES  |c Cu-RivES  |d CStRLIN  |e dcrb  |d WaOLN 
100 1 |a Reading, John,  |d 1588-1667. 
245 1 3 |a An evening sacrifice, :  |b or prayer for a family; necessary for these calamitous times. 
246 3 0 |a Prayer for a family 
260 |a [London :  |b publisher not identified],  |c Printed in the yeer. 1643. 
300 |a 1 online resource ([2], 6 pages) 
336 |a text  |b txt  |2 rdacontent 
337 |a computer  |b c  |2 rdamedia 
338 |a online resource  |b cr  |2 rdacarrier 
500 |a Place of publication from Wing. 
500 |a Attributed to John Reading. 
500 |a Annotation on Thomason copy: "by John Reading of Dover"; "Aug: 5". 
500 |a Reproduction of the original in the British Library. 
510 4 |a Wing (2nd edition)  |c R445A. 
510 4 |a Thomason  |c E.1144[6]. 
533 |a Electronic reproduction.  |b Ann Arbor, Mich. :  |c UMI,  |d 1999-  |f (Early English books online)  |n Digital version of: (Thomason Tracts ; 164:E1144[6])  |7 s1999 miun s 
650 0 |a Family  |x Prayer-books and devotions  |v Early works to 1800. 
650 0 |a Family  |x Religious life  |v Early works to 1800. 
830 0 |a Early English books online. 
856 4 0 |u http://proxy.library.tamu.edu/login?url=https://search.proquest.com/docview/2240924234  |z Connect to the full text of this electronic book  |t 0 
999 f f |s 19ca944a-c748-32e2-9e7f-ec6481cf9f92  |i f3daad2c-944f-315d-9d3a-5a72d6f9e25a  |t 0 
952 f f |a Texas A&M University  |b College Station  |c Electronic Resources  |d Available Online  |t 0  |h No information provided 
998 f f |t 0  |l Available Online